000 00496nad a22001811nc4500
001 a987667918+Band1
003 RU-10907106
005 20221125124259.0
008 170707s2013 gw |||| 000u ger d
020 _a9783835309951
_9978-3-8353-0995-1
035 _aa987667918
040 _cRU-10907106
_aRU-10907106
_bger
245 0 0 _aTagebücher
_nBand 1
_p1885-1891
264 1 _aGöttingen :
_bWallstein Verlag,
_c2013
300 _a717 Seiten
773 0 8 _wa987667918
_qBand1
942 _cMG
_2z
999 _c50987
_d50987